Participantes do BBB 2010 - Statistics

Estatísticas Gerais
  • Esse quiz foi jogado 31 vezes
  • A pontuação média é 12 de 17
Estatísticas das Respostas
Hint Resposta % Correto
Vencedor(a)(BBB 4) Marcelo Dourado
100%
7º eliminado(a) Angélica
93%
13º eliminado(a) Dicésar
93%
2º eliminado(a) Ana Marcela
81%
2º Lugar Fernanda
81%
11º eliminado(a) Serginho
81%
12º eliminado(a) Anamara
78%
14º eliminado(a) Lia
78%
3º Lugar Cadu
70%
9º eliminado(a) Eliéser
70%
4º eliminado(a) Alex
56%
8º eliminado(a) Cláudia
56%
1º eliminado(a)(BBB 3) Joseane
56%
10º eliminado(a) Michel
52%
3º eliminado(a) Tessália
52%
6º eliminado(a) Elenita
37%
5º eliminado(a) Uilliam
26%
Nenhum quiz correspondente encontrado
Distribuição das Pontuações
Porcentagem de Pessoas com Cada Pontuação
Percentil de Números Respondidos
Sua Pontuação Histórica
Você não jogou esse quiz